000 00655nam a2200229Ia 4500
003 OSt
005 20221005034927.0
006 a|||||r|||| 00| 0
007 ta
008 221004b |||||||| |||| 00| 0 eng d
024 _a27317
037 _cTextual
040 _aCRL
_cCRL
_beng
041 _2eng
_aeng
082 _aAv2.C, M6.1.-2 (RR)
100 _aSarasvati Svami Satya Prakash
245 0 _aFounders of sciences in ancient India
260 _aDelhi
_bGovindram Hosanand India
_c1986
650 _aSCIENCE
942 _hAv2.C, M6.1.-2 (RR)
_cTEXL
_2cc
999 _c944351
_d944351